书目信息 |
| 题名: |
时尚川点
|
|
| 作者: | 晓拂 著 | |
| 分册: | ||
| 出版信息: | 成都 四川科学技术出版社 2003 |
|
| 页数: | 137页 | |
| 开本: | 21cm | |
| 丛书名: | ||
| 单 册: | ||
| 中图分类: | TS972.132 | |
| 科图分类: | ||
| 主题词: | 面食--食谱--四川省 , 面食 , 食谱 | |
| 电子资源: | ||
| ISBN: | 7-5364-5099-0 | |
| 000 | 00978nam0 2200337 450 | |
| 000 | 00943nam0 2200325 450 | |
| 000 | 00906nam0 2200313 450 | |
| 000 | 00809nam0 2200301 450 | |
| 000 | 00813nam0 2200301 450 | |
| 000 | 00776nam0 2200289 450 | |
| 000 | 00709nam0 2200265 450 | |
| 001 | 002419238 | |
| 005 | 20061027150657.92 | |
| 010 | @a7-5364-5099-0@dCNY25.00 | |
| 100 | @a20030729d2003 em y0chiy0110 ea | |
| 101 | 0 | @achi |
| 102 | @aCN@b510000 | |
| 105 | @aa z 000yy | |
| 200 | 1 | @a时尚川点@Ashi shang chuan dian@f晓拂著@Fxiao fu zhu@g晓拂摄影@Gxiao fu she ying |
| 210 | @a成都@c四川科学技术出版社@d2003 | |
| 215 | @a137页@c彩图@d21cm | |
| 606 | 0 | @a面食@x食谱@y四川省 |
| 606 | 0 | @a面食 |
| 606 | 0 | @a食谱 |
| 690 | @aTS972.132@v4 | |
| 701 | 0 | @a晓拂@9xiao fu@4著 |
| 801 | 0 | @aCN@bNLC@c20061027 |
| 905 | @aBZT@dTS972.132@e1 | |
| 906 | @dCNY25.00@n0@r1 | |
| 962 | @aA75364509902BA6B298 | |
| 时尚川点/晓拂著/晓拂摄影.-成都:四川科学技术出版社,2003 |
| 137页:彩图;21cm |
| ISBN 7-5364-5099-0:CNY25.00 |
| ● |
| 相关链接 |
|
|
|
正题名:时尚川点
索取号:TS972.132/1
 
预约/预借
| 序号 | 登录号 | 条形码 | 馆藏地/架位号 | 状态 | 备注 |
| 1 | 512851 | 230090329 | 中心书库中库/ 中库024架A面4列6层35/ [索取号:TS972.132/1] | 在馆 | |
| 2 | 512852 | 230090331 | 中心书库中库/ 中库024架A面4列6层38/ [索取号:TS972.132/1] | 在馆 | |
| 3 | 512853 | 230090333 | 中心书库中库/ 中库024架A面4列6层36/ [索取号:TS972.132/1] | 在馆 | |
| 4 | 512854 | 230090335 | 中心书库中库/ 中库024架A面4列6层34/ [索取号:TS972.132/1] | 在馆 | |
| 5 | 512855 | 230090337 | 中心书库中库/ 中库024架A面4列6层37/ [索取号:TS972.132/1] | 在馆 |